Central Library OPAC University of Rajshahi

Leadership : (Record no. 82141)

MARC details
000 -LEADER
fixed length control field 02835nam a2200373 a 4500
001 - CONTROL NUMBER
control field 82141
003 - CONTROL NUMBER IDENTIFIER
rucl marc code BD-RjUL
005 - DATE AND TIME OF LATEST TRANSACTION
control field 20231017122617.0
008 - FIXED-LENGTH DATA ELEMENTS--GENERAL INFORMATION
fixed length control field 231017s2022 caua b 001 0 eng
020 ## - INTERNATIONAL STANDARD BOOK NUMBER
International Standard Book Number 9781544397566
Qualifying information (paperback)
International Standard Book Number 9781071836149
Qualifying information (looseleaf)
Canceled/invalid ISBN 9781071834466
Qualifying information (epub)
Canceled/invalid ISBN 9781071834473
Qualifying information (epub)
Canceled/invalid ISBN 9781071834480
Qualifying information (pdf)
035 ## - SYSTEM CONTROL NUMBER
System control number (BD-RjUL)82141
040 ## - CATALOGING SOURCE
Original cataloging agency DLC
Language of cataloging eng
Description conventions rda
Transcribing agency DLC
Modifying agency DLC
-- BD-RjUL
041 ## - LANGUAGE CODE
Language code of text/sound track or separate title eng
082 00 - DEWEY DECIMAL CLASSIFICATION NUMBER
Edition number 23
Classification number 303.34
Author mark and year NOL 2022
100 1# - MAIN ENTRY--PERSONAL NAME
Personal name Northouse, Peter G.,
Relator term author.
9 (RLIN) 9614
245 10 - TITLE STATEMENT
Title Leadership :
Remainder of title theory and practice /
Statement of responsibility, etc. Peter G. Northouse, Western Michigan University.
250 ## - EDITION STATEMENT
Edition statement Ninth Edition.
264 #1 - PRODUCTION, PUBLICATION, DISTRIBUTION, MANUFACTURE, AND COPYRIGHT NOTICE
Place of production, publication, distribution, manufacture Los Angeles :
Name of producer, publisher, distributor, manufacturer SAGE Publishing,
Date of production, publication, distribution, manufacture, or copyright notice 2022
300 ## - PHYSICAL DESCRIPTION
Pagination various paging :
Illustrations illustrations ;
Size 23 cm
336 ## - CONTENT TYPE
Content type term text
Content type code txt
Source rdacontent
337 ## - MEDIA TYPE
Media type term unmediated
Media type code n
Source rdamedia
338 ## - CARRIER TYPE
Carrier type term volume
Carrier type code nc
Source rdacarrier
500 ## - GENERAL NOTE
General note Revised edition of the author's Leadership, [2019]
504 ## - BIBLIOGRAPHY, ETC. NOTE
Bibliography, etc Includes bibliographical references and index.
520 ## - SUMMARY, ETC.
Summary, etc. "Now with a new chapter on Inclusive Leadership Adopted in thousands of courses in 89 countries and translated into 15 different languages, this market-leading text successfully combines an academically robust account of the major theories and models of leadership with an accessible style and focus on how leadership theory can inform leadership practice. Peter G. Northouse uses a consistent structure for each chapter, allowing readers to easily compare and contrast different theories. Case studies and questionnaires provide students with practical examples and opportunities to deepen their understanding of their own leadership style. Key Features: A consistent chapter structure outlines each approach, how it works, and the major studies behind it, followed by an analysis of the strengths and criticisms for each approach Three case studies in each chapter help students to apply leadership theories in real-world scenarios. Questionnaires within each chapter provides self-assessment and reflection opportunities for each theory presented. New to This Edition: New Chapter on Inclusive Leadership provides a model of inclusive leadership that examines antecedent conditions, leader behaviors, and positive organizational outcomes associated with inclusive leadership 18 new real-world case studies profile leaders around the globe including cases on New Zealand Prime Minister Jacinda Ardern, a mental health program in Zimbabwe, and how a university in the US responds to crisis. New discussion of leadership and morality explores leadership as a neutral process and leadership as a moral process"--
650 #0 - SUBJECT ADDED ENTRY--TOPICAL TERM
Topical term or geographic name as entry element Leadership.
Topical term or geographic name as entry element Leadership
Form subdivision Case studies.
9 (RLIN) 9615
942 ## - ADDED ENTRY ELEMENTS (KOHA)
Source of classification or shelving scheme Dewey Decimal Classification
Koha item type Books
Holdings
Lost status Source of classification or shelving scheme Damaged status Not for loan Collection code Permanent Location Current Location Shelving location Date acquired Source of acquisition Cost, normal purchase price Total Checkouts Full call number Date last seen Copy number Koha item type
  Dewey Decimal Classification   Not For Loan Non-fiction Central Library, University of Rajshahi Central Library, University of Rajshahi Reading Room 24/08/2023 Dhaka : Mullick and Brothers 3980.00   303.34 NOL 2022 17/10/2023 C-1 Books
  Dewey Decimal Classification     Non-fiction Central Library, University of Rajshahi Central Library, University of Rajshahi General Stacks 24/08/2023 Dhaka Mullik & brother     303.34 NOL 2022 16/07/2025 C-2 Books
  Dewey Decimal Classification     Non-fiction Central Library, University of Rajshahi Central Library, University of Rajshahi General Stacks 24/08/2023 Dhaka Mullik & brother     303.34 NOL 2022 16/07/2025 C-3 Books